|
|
|
|
| LEADER |
00000nam0a2200000 4500 |
| 001 |
311093 |
| 005 |
20231102002342.0 |
| 035 |
|
|
|a (RuTPU)RU\TPU\book\336448
|
| 090 |
|
|
|a 311093
|
| 100 |
|
|
|a 20151202d1981 k y0rusy5003 ca
|
| 101 |
0 |
|
|a rus
|
| 102 |
|
|
|a RU
|
| 105 |
|
|
|a a z 001zy
|
| 200 |
1 |
|
|a Строение и свойства силикатных материалов
|e [сборник статей]
|f Московский химико-технологический институт им. Д. И. Менделеева (МХТИ) ; отв. ред. В. В. Тимашев
|
| 210 |
|
|
|a Москва
|c Изд-во МХТИ
|d 1981
|
| 215 |
|
|
|a 114 с.
|c ил.
|d 26 см.
|
| 225 |
1 |
|
|a Труды института [Московского химико-технологического института (МХТИ)]
|v Вып. 118
|
| 320 |
|
|
|a Библиогр. в конце ст.
|
| 606 |
1 |
|
|a Силикаты
|x Физико-химические свойства
|2 stltpush
|3 (RuTPU)RU\TPU\subj\34484
|9 56419
|
| 610 |
1 |
|
|a стекло
|
| 610 |
1 |
|
|a строение
|
| 610 |
1 |
|
|a эмалевые покрытия
|
| 610 |
1 |
|
|a сталь
|
| 610 |
1 |
|
|a галогенсодержащие минералы
|
| 610 |
1 |
|
|a керамика
|
| 610 |
1 |
|
|a огнеупоры
|
| 610 |
1 |
|
|a клинкерообразование
|
| 610 |
1 |
|
|a портландцемент
|
| 610 |
1 |
|
|a гидратация
|
| 610 |
1 |
|
|a металлизация
|
| 675 |
|
|
|a 666
|v 4
|
| 702 |
|
1 |
|a Тимашев
|b В. В.
|g Владимир Васильевич
|4 340
|
| 712 |
0 |
2 |
|a Московский химико-технологический институт им. Д. И. Менделеева (МХТИ)
|2 stltpush
|3 (RuTPU)RU\TPU\col\1701
|
| 801 |
|
0 |
|a RU
|b RuMRKP
|c 19950704
|g psbo
|
| 801 |
|
1 |
|a RU
|b 63413507
|c 20151202
|
| 801 |
|
2 |
|a RU
|b 63413507
|c 20171018
|g RCR
|
| 942 |
|
|
|c BK
|